00455nam a22001577a 450000500170000001000150001702000260003203500140005803700130007208200060008510000200009124500700011126000410018127000530022230000220027520170823122756.0 aENG-120007 c250.00a9789380828794 aEN-103539 bDBAD/PUB aS aChowdhury, K.L. aFaith & frenzy :bshort stories from kashmir /cby K.L. Chowdhruy aNew DelhibVitasta Publishing c2012 a2/15, Ansari Road, Daryaganj, bNew Dehie110002 a232p. c22cm(pbk)